<?xml version="1.0" encoding="UTF-8"?>
<marc:record xmlns:marc="http://www.loc.gov/MARC21/slim">
   <marc:leader>00000nam a2200000 a 4500</marc:leader>
   <marc:datafield ind1="1" ind2=" " tag="100">
      <marc:subfield code="a">Berg, Esther van den</marc:subfield>
      <marc:subfield code="4">aut</marc:subfield>
      <marc:subfield code="e">Verfasser/-in</marc:subfield>
   </marc:datafield>
   <marc:datafield ind1=" " ind2=" " tag="653">
      <marc:subfield code="a">Sprachen</marc:subfield>
   </marc:datafield>
   <marc:datafield ind1=" " ind2=" " tag="653">
      <marc:subfield code="a">Niederlande</marc:subfield>
   </marc:datafield>
   <marc:datafield ind1="0" ind2="0" tag="245">
      <marc:subfield code="a">Naar School!</marc:subfield>
   </marc:datafield>
   <marc:datafield ind1=" " ind2="1" tag="264">
      <marc:subfield code="b">Clavis</marc:subfield>
      <marc:subfield code="c">2023</marc:subfield>
   </marc:datafield>
   <marc:datafield ind1="1" ind2=" " tag="520">
      <marc:subfield code="a">Vogeltje Robin gaat voor het eerst naar school. Hij vindt het erg spannend en waarschuwt zijn moeder dat hij echt alleen maar even gaat kijken. Zal hij er anders over denken als hij zijn juf ontmoet, het gezellige klaslokaal ziet en zijn klagenootjes leert kennen? Prentenboek met sfeervolle kleurenillustraties. Vanaf ca. 3 jaar.[bibliotheek.nl]

Robin kommt in die Schule und lernt dort</marc:subfield>
   </marc:datafield>
   <marc:datafield ind1=" " ind2=" " tag="020">
      <marc:subfield code="a">9789044839135</marc:subfield>
      <marc:subfield code="9">9789044839135</marc:subfield>
   </marc:datafield>
</marc:record>
